| 000 | 00344nam a2200145Ia 4500 | ||
|---|---|---|---|
| 008 | 230917s9999||||xx |||||||||||||| ||und|| | ||
| 040 |
_e44442 _aMAIN |
||
| 041 | _aEnglish | ||
| 082 | _a294.6 G537G:G | ||
| 100 | _aGopal Singh | ||
| 245 | 0 | _aGuru Gobind Singh | |
| 260 |
_aNew Delhi _bNational _c1979 |
||
| 300 | _aviii, 128 p. | ||
| 942 | _cBK | ||
| 999 |
_c199609 _d199609 |
||